UK Residential Market Survey (Record no. 122199)

MARC details
000 -LEADER
fixed length control field 01587nam a22002177a 4500
005 - DATE AND TIME OF LATEST TRANSACTION
control field 20250711122924.0
008 - FIXED-LENGTH DATA ELEMENTS--GENERAL INFORMATION
fixed length control field 250711e20250704xxk|||||o|||| 00| 0 eng d
041 ## - LANGUAGE CODE
Language code of text/sound track or separate title eng
110 ## - MAIN ENTRY--CORPORATE NAME
Corporate author Royal Institution of Chartered Surveyors
245 ## - TITLE STATEMENT
Title UK Residential Market Survey
Subtitle June 2025
Medium [Electronic resource]
260 ## - PUBLICATION INFORMATION
Place of publication London,
Publisher Royal Institution of Chartered Surveyors,
Date July 2025
300 ## - PHYSICAL DESCRIPTION
Physical description 16p
490 ## - SERIES TITLE
Series statement RICS UK Residential Market Survey
520 ## - ABSTRACT
Abstract UK Residential Market Survey for June 2025. The latest findings suggest signs of stabilisation in the sales market, although challenges persist for both buyers and sellers.<br/><br/>For the first time since December 2024, buyer demand has moved out of negative territory, with the net balance for new buyer enquiries rising to +3% in June. This marks a noticeable improvement from the -22% reported in May, although the figure still indicates a period of stabilisation rather than a strong recovery. The national net balance for agreed sales improved significantly from previous months, falling to -3%, a marked improvement from the -25% and -28% reported in earlier surveys. Despite this positive trend, sales momentum is expected to remain subdued in the near term.
650 ## - KEYWORDS
Keywords HOUSING MARKET
650 ## - KEYWORDS
Keywords RESIDENTIAL PROPERTY
651 ## - SUBJECT ADDED ENTRY--GEOGRAPHIC NAME
Geographic name United Kingdom
710 ## - ADDED CORPORATE NAME
Added corporate author Royal Institution of Chartered Surveyors
856 ## - ONLINE RESOURCE
Uniform Resource Identifier <a href="https://www.rics.org/content/dam/ricsglobal/documents/market-surveys/uk-residential-market-survey/WEB-June-2025-RICS-UK-Residential-Market-Survey-tp.pdf">https://www.rics.org/content/dam/ricsglobal/documents/market-surveys/uk-residential-market-survey/WEB-June-2025-RICS-UK-Residential-Market-Survey-tp.pdf</a>
Public note Available on RICS.org
942 ## - ADDED ENTRY ELEMENTS (KOHA)
Suppress in OPAC Do not suppress in OPAC
Holdings
Lost status Damaged status Not for loan Current library Shelving location Date acquired Total Checkouts Full call number Date last seen Price effective from Koha item type
      Virtual Online 11/07/2025   PROPERTY MARKET DATA 11/07/2025 11/07/2025 Online material